| 000 | 00636nam a2200217 4500 | ||
|---|---|---|---|
| 003 | OSt | ||
| 005 | 20240614020013.0 | ||
| 006 | a | ||
| 008 | 240614b |||||||| |||| 00| 0 eng d | ||
| 040 |
_aDWCL-Main lib. _cOC |
||
| 082 | _aFil. 242.2 M678t 2007 | ||
| 100 | _aMislang, Fr. Fred G. | ||
| 245 | _aThoughts from a friend : relax..reflect...renew / | ||
| 260 |
_aLaguna, Phils. : _bFred G. Mislang, _cc2007. |
||
| 300 |
_aiii, _b131 p. : ill. ; _c21 cm. |
||
| 504 | _aIncludes references. | ||
| 650 | _a1. Meditations. | ||
| 650 | _a2. Devotional reflections. | ||
| 700 | _aFr. Fred G Mislang | ||
| 942 |
_2ddc _n0 _cBK - FIL _kFil. |
||
| 999 |
_c671 _d671 |
||